Escudos de Equipes da La Liga 25/26 - Statistics

Estatísticas Gerais
  • Esse quiz foi jogado 191 vezes
  • A pontuação média é 18 de 20
Estatísticas das Respostas
Imagem Resposta % Correto
Barcelona
99%
Atlético de Madrid
98%
Girona
98%
Real Madrid
98%
Athletic Bilbao
97%
Levante
97%
Alavés
96%
Getafe
96%
Elche
95%
Espanyol
95%
Valencia
95%
Real Betis
92%
Sevilla
91%
Celta de Vigo
89%
Real Sociedad
89%
Villarreal
86%
Rayo Vallecano
84%
Mallorca
81%
Osasuna
80%
Real Oviedo
64%
Nenhum quiz correspondente encontrado
Distribuição das Pontuações
Porcentagem de Pessoas com Cada Pontuação
Percentil de Números Respondidos
Sua Pontuação Histórica
Você não jogou esse quiz